| 000 | 004640000a22001690004500 | ||
|---|---|---|---|
| 003 | MACL | ||
| 005 | 20151216132841.0 | ||
| 008 | 151216b xxu||||| |||| 00| 0 eng d | ||
| 040 |
_aMACL _cMACL |
||
| 041 | _aEnglish | ||
| 082 | _a030 | ||
| 100 |
_aJohnson, Jinny _920361 |
||
| 245 |
_aWhat Makes The World Go Round _bA Question and Answer Encyclopedia |
||
| 260 |
_bMarshall Cavendish Corporation _c1997 |
||
| 650 |
_aEncyclopaedia _920363 |
||
| 942 |
_cBK _k030 _2ddc |
||
| 999 |
_c40138 _d40138 |
||